Memorandum to Parliament by Hon. Dr. Kwabena Donkor(Minister of Power) Emergency Power Agreement With Attatched Annexes Between the GOG (Ministry of Power) and GPGC Limited (Tei) for the Provision on a fast - Track Basis, up to 107MW (ISO) Installed Capacity of Power Delivery Services. (Record no. 1901)

MARC details
000 -LEADER
fixed length control field 00866nam a2200145Ia 4500
008 - FIXED-LENGTH DATA ELEMENTS--GENERAL INFORMATION
fixed length control field 240429s9999||||xx |||||||||||||| ||und||
041 ## - LANGUAGE CODE
Language code of text/sound track or separate title eng
082 ## - DEWEY DECIMAL CLASSIFICATION NUMBER
Classification number PM/GPGC/15
100 ## - MAIN ENTRY--PERSONAL NAME
Personal name Parliament of Ghana
245 #0 - TITLE STATEMENT
Title Memorandum to Parliament by Hon. Dr. Kwabena Donkor(Minister of Power) Emergency Power Agreement With Attatched Annexes Between the GOG (Ministry of Power) and GPGC Limited (Tei) for the Provision on a fast - Track Basis, up to 107MW (ISO) Installed Capacity of Power Delivery Services.
300 ## - PHYSICAL DESCRIPTION
Extent 75p;tab
650 ## - SUBJECT ADDED ENTRY--TOPICAL TERM
Topical term or geographic name entry element Memorandum to Parliament by Hon. Dr. Kwabena Donkor(Minister of Power) Emergency Power Agreement - With Attatched Annexes Between the GOG (Ministry of Power) and GPGC Limited (Tei) for the Provision - von a fast - Track Basis, up to 107MW (ISO) Installed Capacity of Power Delivery Services.
942 ## - ADDED ENTRY ELEMENTS (KOHA)
Koha item type Memorandum
Holdings
Withdrawn status Lost status Damaged status Not for loan Home library Current library Shelving location Date acquired Total checkouts Full call number Date last seen Copy number Price effective from Koha item type
        Main Library Main Library Open Shelves 01/12/2022   PM/GPGC/15 3816 29/04/2024 1 29/04/2024 Memorandum
©2026  Parliament of Ghana Library - All rights reserved